000
00285nam a22001097a 4500
041
_a
eng
080
_a
80
100
_a
Касландзия, В. А.
245
_a
Синонимия в немецкой фразеологии. Справочник.
650
_a
German
999
_c
279547
_d
279547
942
_c
BK